[Event "Vienna op-A"]
[Site "Vienna"]
[Date "2016.08.17"]
[Round "2"]
[White "Kilgus, Georg"]
[Black "Lytvynets, Dmytro"]
[Result "1-0"]
[WhiteElo "2413"]
[BlackElo "2127"]
[PlyCount "77"]
[EventDate "2016.08.16"]
[EventType "swiss"]
[EventRounds "9"]
[EventCountry "AUT"]
[SourceTitle "CBM 173 Extra"]
[Source "ChessBase"]
[SourceDate "2016.08.29"]
[SourceVersion "1"]
[SourceVersionDate "2016.08.29"]
[SourceQuality "1"]

1. Nf3 d5 2. g3 Nf6 3. Bg2 c6 4. 0-0 Bf5 5. d3 e6 6. c4 Be7 7. Qb3 Qb6 8. Be3 Qxb3 9. axb3 a6 10. Nh4 Bg6 11. h3 0-0 12. Nc3 Rd8 13. Bb6 Rc8 14. f4 Nbd7 15. Be3 dxc4 16. bxc4 Nf8 17. Bf2 N6d7 18. Nxg6 hxg6 19. h4 Nf6 20. Bf3 N8d7 21. d4 Rab8 22. e4 Nf8 23. Rfb1 Bb4 24. Na2 Ba5 25. b4 Bb6 26. Nc3 Rd8 27. Rd1 Nh5 28. e5 Rbc8 29. Ne2 f5 30. Rac1 Kf7 31. d5 Bxf2+ 32. Kxf2 cxd5 33. cxd5 b6 34. d6 a5 35. Rc7+ Nd7 36. Bc6 Nhf6 37. exf6 Kxf6 38. Bxd7 Rb8 39. Nd4 1-0

[Event "Vienna Kavalier op 8th"]
[Site "Vienna"]
[Date "2013.11.01"]
[Round "7"]
[White "Kottisch, Gustav"]
[Black "Lytvynets, Dmytro"]
[Result "0-1"]
[WhiteElo "1905"]
[BlackElo "2099"]
[PlyCount "138"]
[EventDate "2013.10.24"]
[EventType "swiss"]
[EventRounds "7"]
[EventCountry "AUT"]
[SourceTitle "EXT 2014"]
[Source "ChessBase"]
[SourceDate "2013.11.20"]
[SourceVersion "1"]
[SourceVersionDate "2013.11.20"]
[SourceQuality "1"]

1. d4 d5 2. c4 dxc4 3. Nc3 Nf6 4. Nf3 e6 5. e3 a6 6. Bxc4 b5 7. Bd3 Bb7 8. 0-0 Nc6 9. a3 Be7 10. e4 h6 11. Be3 0-0 12. h3 Re8 13. Rc1 Bf8 14. b4 Ne7 15. Qc2 c6 16. e5 Nfd5 17. Ne4 Nxe3 18. fxe3 Nd5 19. Qf2 Be7 20. Nc5 Bc8 21. h4 Rf8 22. g3 a5 23. e4 Nb6 24. Qd2 axb4 25. axb4 Bd7 26. Ra1 Qc7 27. Kg2 Rfd8 28. Qc3 Be8 29. Nb3 Rxa1 30. Rxa1 Na4 31. Qc2 Bxb4 32. Bxb5 Nc3 33. Bd3 Qb8 34. Nc5 Bxc5 35. Qxc3 Bf8 36. Rb1 Qa7 37. Bc4 Qd7 38. Rd1 Qb7 39. Rd3 Qb1 40. Qb3 Rb8 41. Qxb1 Rxb1 42. Kf2 Rc1 43. Nd2 Bb4 44. Bb3 Kf8 45. Ke3 c5 46. dxc5 Bxc5+ 47. Kf4 Ke7 48. Bc4 Bb4 49. Ba6 Ra1 50. Bc4 Rc1 51. Ba6 Bc6 52. Nf3 Bc3 53. Nd4 Bd7 54. Nb5 Rf1+ 55. Kg4 Bxe5 56. Na3 Re1 57. Bb7 Rc1 58. Rb3 Ba4 59. Rd3 Bd1+ 60. Kh3 Be2 61. Rb3 h5 62. Kg2 Bd4 63. Rb1 Rc7 64. Ba8 Ra7 65. Rb7+ Rxb7 66. Bxb7 Bd3 67. Bc6 Kd6 68. Nb5+ Kxc6 69. Nxd4+ Kc5 0-1

[Event "Vienna Kavalier op 8th"]
[Site "Vienna"]
[Date "2013.10.24"]
[Round "1"]
[White "Lytvynets, Dmytro"]
[Black "Gockner, Hans"]
[Result "1-0"]
[WhiteElo "2099"]
[BlackElo "1634"]
[PlyCount "55"]
[EventDate "2013.10.24"]
[EventType "swiss"]
[EventRounds "7"]
[EventCountry "AUT"]
[SourceTitle "EXT 2014"]
[Source "ChessBase"]
[SourceDate "2013.11.20"]
[SourceVersion "1"]
[SourceVersionDate "2013.11.20"]
[SourceQuality "1"]

1. d4 d5 2. g3 Nf6 3. Bg2 e6 4. Nf3 h6 5. 0-0 Bd6 6. b3 c6 7. Bb2 0-0 8. Nbd2 Nbd7 9. c4 Ne4 10. Qc2 f5 11. Ne5 Nxe5 12. dxe5 Bc5 13. Nxe4 fxe4 14. cxd5 Qb6 15. dxc6 bxc6 16. Qxe4 Bb7 17. e3 Ba6 18. Qxc6 Bxf1 19. Qxb6 axb6 20. Bxa8 Bh3 21. Bg2 Bf5 22. Bd4 Ba3 23. Bxb6 Bb2 24. Rd1 Kh7 25. Rd8 Rf7 26. f4 Re7 27. a4 h5 28. a5 1-0

[Event "Vienna Tschaturanga op"]
[Site "Vienna"]
[Date "2013.05.12"]
[Round "7"]
[White "Beckhuis, Gernod"]
[Black "Lytvynets, Dmytro"]
[Result "1-0"]
[WhiteElo "2294"]
[BlackElo "2107"]
[PlyCount "111"]
[EventDate "2013.05.06"]
[EventType "swiss"]
[EventRounds "7"]
[EventCountry "AUT"]
[SourceTitle "CBM 154 Extra"]
[Source "ChessBase"]
[SourceDate "2013.06.25"]
[SourceVersion "2"]
[SourceVersionDate "2013.06.25"]
[SourceQuality "1"]

1. Nf3 d5 2. d4 Nf6 3. c4 e6 4. g3 dxc4 5. Bg2 c5 6. 0-0 Nc6 7. dxc5 Bxc5 8. Qxd8+ Nxd8 9. Ne5 0-0 10. Nd2 Nd7 11. Nexc4 Nc6 12. Ne4 Bd4 13. Rd1 Nb6 14. Nxb6 Bxb6 15. b3 a5 16. Ba3 Rd8 17. Rxd8+ Bxd8 18. Rd1 h6 19. Bc5 Bc7 20. Nd6 Rb8 21. Nb5 Be5 22. Na7 Bf6 23. Bd6 Ra8 24. Nxc6 bxc6 25. Bxc6 Ra7 26. e4 e5 27. Bxe5 Bg4 28. Bb8 Ra6 29. Rc1 Bb2 30. Rc2 Bd1 31. Bb5 Bxc2 32. Bxa6 Bxe4 33. Bd6 Bc3 34. Kf1 Bb1 35. a3 Bb2 36. Ke2 Bc2 37. Bc4 a4 38. bxa4 Bxa4 39. Kd3 g6 40. Ba6 Kh7 41. Kc4 Bd1 42. Kb4 Bc1 43. Bc4 Bd2+ 44. Kb5 Be1 45. Bc5 f5 46. a4 g5 47. a5 Bxa5 48. Kxa5 Kg6 49. Bd3 Bb3 50. g4 Be6 51. Bd4 h5 52. h3 hxg4 53. hxg4 Kh6 54. gxf5 Bf7 55. Kb6 Kh5 56. Kc6 1-0

[Event "Vienna Husek op-A"]
[Site "Vienna"]
[Date "2012.08.18"]
[Round "6"]
[White "Lytvynets, Dmytro"]
[Black "Chytilek, Roman"]
[Result "0-1"]
[WhiteElo "2135"]
[BlackElo "2396"]
[PlyCount "82"]
[EventDate "2012.08.13"]
[EventType "swiss"]
[EventRounds "7"]
[EventCountry "AUT"]
[SourceTitle "CBM 149 Extra"]
[Source "ChessBase"]
[SourceDate "2012.08.24"]
[SourceVersion "1"]
[SourceVersionDate "2012.08.24"]
[SourceQuality "1"]

1. d4 Nf6 2. Nf3 g6 3. c4 Bg7 4. Nc3 0-0 5. e4 c5 6. d5 d6 7. h3 e6 8. Bd3 Na6 9. a3 Nc7 10. 0-0 Re8 11. Qc2 exd5 12. cxd5 a6 13. a4 b6 14. Bf4 Rb8 15. Rfe1 b5 16. axb5 axb5 17. Ra7 b4 18. Nd1 Nb5 19. Bxb5 Rxb5 20. b3 Rb7 21. Ra8 Rbe7 22. Bg5 h6 23. Bxf6 Bxf6 24. Nd2 Qc7 25. Nc4 Bf5 26. Rxe8+ Rxe8 27. Re3 Bc8 28. Ndb2 Bd4 29. Re2 Qe7 30. Qd2 Ba6 31. Qf4 Bxb2 32. Rxb2 Bxc4 33. bxc4 Qxe4 34. Qxd6 Qxc4 35. Rb1 Qc2 36. Ra1 b3 37. Qc6 Qe4 38. Rd1 b2 39. Qb5 Qe2 40. Qxe2 Rxe2 41. d6 Rd2 0-1

[Event "Vienna Husek op-A"]
[Site "Vienna"]
[Date "2012.08.13"]
[Round "1"]
[White "Wu, Jiong"]
[Black "Lytvynets, Dmytro"]
[Result "1/2-1/2"]
[WhiteElo "1798"]
[BlackElo "2135"]
[PlyCount "82"]
[EventDate "2012.08.13"]
[EventType "swiss"]
[EventRounds "7"]
[EventCountry "AUT"]
[SourceTitle "EXT 2014"]
[Source "ChessBase"]
[SourceDate "2013.11.20"]
[SourceVersion "1"]
[SourceVersionDate "2013.11.20"]
[SourceQuality "1"]

1. c4 c5 2. g3 Nc6 3. Bg2 g6 4. Nc3 Bg7 5. e4 d6 6. Nge2 e6 7. 0-0 Nge7 8. d3 0-0 9. Be3 Nd4 10. a3 Nec6 11. Rb1 a5 12. f4 Bd7 13. Kh1 Rb8 14. Bxd4 Nxd4 15. b4 axb4 16. axb4 Nxe2 17. Nxe2 b5 18. bxc5 dxc5 19. e5 Qc7 20. Nc3 b4 21. Ne4 Bc6 22. Qf3 Rfc8 23. Qf2 Bf8 24. Rfd1 Rd8 25. Nf6+ Kg7 26. Bxc6 Qxc6+ 27. Qg2 Qxg2+ 28. Kxg2 Ra8 29. Kf3 Ra2 30. h4 Be7 31. Ne4 Rda8 32. Rb3 Rc2 33. Rd2 Rc1 34. Re2 h5 35. Rd2 Raa1 36. Rf2 Rd1 37. Rfb2 Rf1+ 38. Rf2 Rfe1 39. Re2 Rad1 40. Rd2 Rc1 41. Re2 Rcd1 1/2-1/2

[Event "Vienna State-chB"]
[Site "Vienna"]
[Date "2011.09.12"]
[Round "3"]
[White "Neuhold, Manfred"]
[Black "Lytvynets, Dmytro"]
[Result "0-1"]
[WhiteElo "1646"]
[BlackElo "2123"]
[PlyCount "84"]
[EventDate "2011.09.10"]
[EventType "swiss"]
[EventRounds "9"]
[EventCountry "AUT"]
[SourceTitle "EXT 2013"]
[Source "ChessBase"]
[SourceDate "2012.11.22"]
[SourceVersion "1"]
[SourceVersionDate "2012.11.22"]
[SourceQuality "1"]

1. c4 c5 2. Nf3 g6 3. Nc3 Bg7 4. g3 Nc6 5. Bg2 d6 6. d3 Nf6 7. 0-0 0-0 8. Bd2 a6 9. a3 Rb8 10. Rb1 b5 11. b4 cxb4 12. axb4 bxc4 13. dxc4 Nxb4 14. Na2 Nc6 15. Qa4 Bf5 16. Rxb8 Nxb8 17. Bc3 Ne4 18. Bxg7 Kxg7 19. Nb4 Nc5 20. Qa1+ Kg8 21. Nd4 Bd7 22. Qc3 a5 23. Nd5 a4 24. Rb1 Re8 25. Nb6 Qc7 26. Nxd7 Qxd7 27. Qa5 Rc8 28. Rb6 Qg4 29. e3 Qd1+ 30. Bf1 Nbd7 31. Rb2 Ne5 32. Kg2 Qc1 33. Qb4 Ned3 34. Bxd3 Nxd3 35. Qb7 Qxb2 36. Qxc8+ Kg7 37. Qe8 Qxf2+ 38. Kh3 Qxe3 39. Nc6 Qe4 40. g4 Qf3+ 41. Kh4 Qf2+ 42. Kg5 h6# 0-1

[Event "Vienna State-chB"]
[Site "Vienna"]
[Date "2011.09.11"]
[Round "2"]
[White "Schreiber, Ewald"]
[Black "Lytvynets, Dmytro"]
[Result "0-1"]
[WhiteElo "2054"]
[BlackElo "2123"]
[PlyCount "58"]
[EventDate "2011.09.10"]
[EventType "swiss"]
[EventRounds "9"]
[EventCountry "AUT"]
[SourceTitle "EXT 2013"]
[Source "ChessBase"]
[SourceDate "2012.11.22"]
[SourceVersion "1"]
[SourceVersionDate "2012.11.22"]
[SourceQuality "1"]

1. d4 d5 2. Nf3 c6 3. c4 Nf6 4. Nc3 a6 5. c5 g6 6. Bf4 Bg7 7. g3 0-0 8. Bg2 Nbd7 9. 0-0 Nh5 10. Rc1 Nxf4 11. gxf4 Nf6 12. e3 Bg4 13. Qb3 Rb8 14. Ne5 Bf5 15. Kh1 Nd7 16. Nxd7 Qxd7 17. Na4 Kh8 18. Rg1 f6 19. Nb6 Qc7 20. Qd1 e5 21. fxe5 fxe5 22. Qd2 Rbe8 23. Rce1 Bf6 24. Rgf1 Qg7 25. dxe5 Bxe5 26. Na4 Qc7 27. f4 Bf6 28. b3 Qg7 29. Qb4 Bh4 0-1

[Event "Vienna Tschaturanga op"]
[Site "Vienna"]
[Date "2011.05.19"]
[Round "5"]
[White "Weinzettl, Ernst"]
[Black "Lytvynets, Dmytro"]
[Result "1-0"]
[WhiteElo "2335"]
[BlackElo "2117"]
[PlyCount "65"]
[EventDate "2011.05.14"]
[EventType "swiss"]
[EventRounds "9"]
[EventCountry "AUT"]
[SourceTitle "CBM 142 Extra"]
[Source "ChessBase"]
[SourceDate "2011.06.27"]
[SourceVersion "1"]
[SourceVersionDate "2011.06.27"]
[SourceQuality "1"]

1. e4 c5 2. Nf3 d6 3. d4 cxd4 4. Nxd4 g6 5. Nc3 Bg7 6. Be3 Nf6 7. f3 Nc6 8. Qd2 0-0 9. g4 a6 10. 0-0-0 Nxd4 11. Bxd4 Be6 12. Kb1 Rc8 13. h4 b5 14. h5 b4 15. Nd5 Bxd5 16. exd5 Qa5 17. hxg6 hxg6 18. Qh2 Rfe8 19. Bd3 e5 20. dxe6 Rxe6 21. f4 Rc5 22. f5 gxf5 23. g5 Kf8 24. gxf6 Bxf6 25. Bxf6 Rxf6 26. Qg2 Qc7 27. Rh8+ Ke7 28. Qg8 Rg6 29. Qf8+ Kf6 30. Rh5 Re5 31. Rf1 Qc5 32. Qd8+ Ke6 33. Bxf5+ 1-0

[Event "Vienna Tschaturanga op"]
[Site "Vienna"]
[Date "2011.05.17"]
[Round "3"]
[White "Kassel, Walter"]
[Black "Lytvynets, Dmytro"]
[Result "0-1"]
[WhiteElo "1942"]
[BlackElo "2117"]
[PlyCount "34"]
[EventDate "2011.05.14"]
[EventType "swiss"]
[EventRounds "9"]
[EventCountry "AUT"]
[SourceTitle "CBM 142 Extra"]
[Source "ChessBase"]
[SourceDate "2011.06.27"]
[SourceVersion "1"]
[SourceVersionDate "2011.06.27"]
[SourceQuality "1"]

1. e4 c5 2. Nf3 d6 3. d4 cxd4 4. Nxd4 Nc6 5. Be3 Nf6 6. Nxc6 bxc6 7. Be2 Nxe4 8. 0-0 d5 9. c4 e6 10. Bf3 Nf6 11. Nc3 Bd7 12. Re1 Be7 13. cxd5 cxd5 14. Nxd5 Nxd5 15. Bxd5 exd5 16. Bc5 Be6 17. Qh5 0-0 0-1

[Event "Vienna Kavalier op 4th"]
[Site "Vienna"]
[Date "2009.10.30"]
[Round "2"]
[White "Weinzettl, Ernst"]
[Black "Lytvynets, Dmytro"]
[Result "1-0"]
[WhiteElo "2278"]
[BlackElo "2088"]
[PlyCount "61"]
[EventDate "2009.10.29"]
[EventType "swiss"]
[EventRounds "5"]
[EventCountry "AUT"]
[SourceTitle "EXT 2010"]
[Source "ChessBase"]
[SourceDate "2010.11.25"]
[SourceVersion "1"]
[SourceVersionDate "2010.11.25"]
[SourceQuality "1"]

1. e4 c5 2. Nf3 Nc6 3. d4 cxd4 4. Nxd4 e6 5. Nc3 a6 6. Nxc6 bxc6 7. Bd3 e5 8. 0-0 Nf6 9. Kh1 Be7 10. f4 d6 11. Qf3 Qa5 12. Bd2 Qc7 13. Bc4 0-0 14. f5 Bb7 15. Rad1 Rad8 16. Bg5 Rd7 17. Rd2 Rfd8 18. Be6 fxe6 19. fxe6 Rf8 20. exd7 Nxd7 21. Bxe7 Rxf3 22. Rxf3 d5 23. exd5 cxd5 24. Nxd5 Qa5 25. Bb4 Qxa2 26. Ne7+ Kh8 27. Rf1 Qe6 28. Rxd7 Bxg2+ 29. Kg1 h5 30. Rd8+ Kh7 31. Rff8 1-0